01102nam a22002055i 4500001000700000003000900007005001700016008004100033080001500074100004800089245020700137260009500344300002100439530003500460650002700495852009500522852009800617852009700715856008400812157577ES-MaACL20230906210731.0961111s1867 sp |||| | spa d a34(460.15)1 aLersundi Ormaechea, Francisco (d1817-1874)10aDiscurso y rectificaciones pronunciados por el... teniente general Don Francisco Lersundi, en las sesiones del Senado del 28 y 29 de mayo de 1867, en defensa de los fueros de las provincias vascongadas. aMadrid : b[s.n.], c1867 (fImp. de Gasset, Loma y Compañía, a cargo de Diego Valero) a53 p. ; c22 cm. aDisponible en formato digital. 4aFueros-zPaís Vasco.4 aES-MaACLjT-67-F-10 z- Enc. hol., falto de cub. originalz- Enc. en un vol. facticio4 aES-MaACLjT-68-F-8 z- Enc. hol., falto de cub. originalz- Enc. en un vol. facticio4 aES-MaACLjT-76-F-6 z- Enc. hol., falto de cub. originalz- Enc. en un vol. facticio4 uhttp://www.liburuklik.euskadi.eus/handle/10771/25455 zBiblioteca Digital Vasca